000 00809nmm a2200241 a 4500
001 ocm000703780
003 TR-IsHL
005 20201028140948.0
008 131219s1992 tu tur
007 cr cn
035 _a703780
_b(N$T)
050 0 4 _aHG4538
_b.K59 1992
090 0 4 _aHG4538
_b.K59 1992
245 1 0 _aKıyı bankacılığı, seminer 24 Eylül 1991
_h[electronic resource]
260 _aİstanbul :
_bİstanbul Ticaret Odası,
_c1992
300 _a80 p.
650 4 _aEkonomi ve Finans
650 4 _aEconomics and Finance
650 0 _aBankalar ve bankacılık
_x Türkiye
650 0 _aBanks and banking
_x Turkey
650 7 _aBUSINESS & ECONOMICS / Banks & Banking
_2bisacsh
856 4 0 _uhttp://search.ebscohost.com/login.aspx?direct=true&scope=site&db=e011xww&AN=703780
999 _c7564
_d7564